| 000 | 00623nam a2200217 u 4500 | ||
|---|---|---|---|
| 005 | 20240913064633.0 | ||
| 008 | 120924s2007 r 000 0 eng d | ||
| 020 | _a9700770028 | ||
| 035 | _aUPN01000186790 | ||
| 049 | _aCG | ||
| 050 | 4 |
_aPG3325 _bC7.4c |
|
| 100 | 1 |
_aDostoyevski, Fëdor Mihajlovic, _d1821-1881 |
|
| 245 | 1 | 0 |
_aCrimen y castigo / _cFedor Mihajlovic Dostoievski ; pról. Gerardo Martínez Cristerna. |
| 260 |
_aMéxico : _bPorrúa, _c2007. |
||
| 300 | _a927 p. | ||
| 440 | 0 | _aCuantos leen | |
| 650 | 4 |
_aNovela rusa _912701 |
|
| 650 | 4 |
_aLITERATURA RUSA _9605 |
|
| 905 | _aLibro | ||
| 999 |
_c158893 _d158893 |
||